History Quiz

Random History or Famous Quiz

Finish the American Quote Quiz Stats

 Plays Quiz Updated Mar 8, 2018

Score 0/22 Timer 07:00
0 Plays Today
Start of quote End of quote % Correct
I'm gonna float like a butterfly and...sting like a bee.
90.8%
First of all, let me assert my firm belief that the only thing we have to fear...is fear itself.
88.6%
That's one small step for man...one giant leap for mankind.
76.9%
If you can't stand the heat...get out of the kitchen.
74.9%
I have always been fond of the West African proverb: 'Speak softly...and carry a big stick.'
69.4%
Mr. Gorbachev, open this gate! Mr. Gorbachev...tear down this wall!
62.9%
Ask not what your country can do for you...ask what you can do for your country.
56.3%
A house divided against itself...cannot stand.
54.1%
I only regret that I have but one life...to lose for my country.
53.9%
I know not what course others may take, but as for me...give me liberty or give me death.
52.7%
And [Congress will] push, and I'll say no, and they'll push again, and I'll say to them, ‘Read my lips...no new taxes.
50.9%
Start of quote End of quote % Correct
Genius is one percent inspiration...ninety-nine percent perspiration.
50.7%
I never let my schooling interfere with...my education.
50.3%
I have a dream that my four little children will one day live in a nation where they will not be judged by the color of their skin but...by the content of their character.
43.4%
Yet today I consider myself the luckiest man...on the face of the earth.
41.6%
There never was a good war or...a bad peace.
37.1%
When you come to a fork in the road...take it.
36.7%
Well, when the President does it, that means that...it is not illegal.
22.7%
Now I am become Death...the destroyer of worlds.
16%
If you watch a game, it's fun. If you play a game, it's recreation. If you work at it...it's golf.
13.6%
Do not go where the path may lead, go instead where there is no path...and leave a trail.
11%
Science without religion is lame. Religion without science...is blind.
9.2%

You're not logged in!

Compare scores with friends on all Sporcle quizzes.
OR
Log In

You Might Also Like...

Show Comments

Extras

Top Quizzes Today


Score Distribution

Your Account Isn't Verified!

In order to create a playlist on Sporcle, you need to verify the email address you used during registration. Go to your Sporcle Settings to finish the process.

Report this User

Report this user for behavior that violates our Community Guidelines.

Details: